| 000 | 00754cab a2200229 4500 | ||
|---|---|---|---|
| 001 | WB3411-53 | ||
| 008 | 090401t1998 xxu||||| |||| 00| 0 eng d | ||
| 035 | _a(Sirsi) u85062 | ||
| 041 | _aeng | ||
| 245 | _aMerger proposals | ||
| 260 | _c1998 | ||
| 350 | _a0 | ||
| 490 |
_aRICS Press Release _v(pr26.corp) 10 March 1998 (1) |
||
| 520 | _aThe RICS has appointed a steering group to work on proposals for the Institution to merge with the ISVA. Group members listed. | ||
| 650 | _aABOUT RICS-RELATED ORGANISATIONS-INCORPORATED SOCIETY OF VALUERS AND AUCTIONEERS | ||
| 650 | _aRICS | ||
| 650 | _aRICS/ISVA MERGER | ||
| 650 | _aTASK FORCE | ||
| 690 | _aMANAGEMENT-BUSINESS MANAGEMENT-PROFESSIONAL PRACTICE | ||
| 942 | _n0 | ||
| 948 | _c19/03/1998 | ||
| 999 |
_c53479 _d53479 |
||